<?xml version="1.0" encoding="UTF-8"?>
<record
    xmlns:xsi="http://www.w3.org/2001/XMLSchema-instance"
    xsi:schemaLocation="http://www.loc.gov/MARC21/slim http://www.loc.gov/standards/marcxml/schema/MARC21slim.xsd"
    xmlns="http://www.loc.gov/MARC21/slim">

  <leader>00883nam a2200157   4500</leader>
  <controlfield tag="008">779.092 M695t</controlfield>
  <datafield tag="020" ind1=" " ind2=" ">
    <subfield code="a">847664650X</subfield>
  </datafield>
  <datafield tag="082" ind1=" " ind2=" ">
    <subfield code="a">779.092</subfield>
    <subfield code="b">M695t</subfield>
  </datafield>
  <datafield tag="100" ind1=" " ind2=" ">
    <subfield code="a">Moffatt, Tracey</subfield>
    <subfield code="9">6462</subfield>
  </datafield>
  <datafield tag="245" ind1=" " ind2=" ">
    <subfield code="a">Tracey Moffatt</subfield>
  </datafield>
  <datafield tag="260" ind1=" " ind2=" ">
    <subfield code="a">Paris</subfield>
    <subfield code="b">Fundac&#xF3;n "la Caixa"</subfield>
    <subfield code="c">1999</subfield>
  </datafield>
  <datafield tag="300" ind1=" " ind2=" ">
    <subfield code="a">108 p.</subfield>
    <subfield code="b">ill (col)</subfield>
    <subfield code="c">30 x 24 cm</subfield>
  </datafield>
  <datafield tag="505" ind1=" " ind2=" ">
    <subfield code="t">Presentaci&#xF3;n</subfield>
    <subfield code="r">Luis Monreal Agust&#xED;</subfield>
    <subfield code="t">Tracey Moffatt: unas atm&#xF3;sferas espec&#xED;ficas</subfield>
    <subfield code="r">R&#xE9;gis Durand</subfield>
    <subfield code="t">Entrevista a Tracey Moffatt</subfield>
    <subfield code="r">Marta Gili</subfield>
    <subfield code="t">Obra fotogr&#xE1;fica y obra f&#xED;lmica</subfield>
    <subfield code="t">Algo m&#xE1;s</subfield>
    <subfield code="t">Una cuesti&#xF3;n de mascotas</subfield>
    <subfield code="t">Cicatrices de por vida</subfield>
    <subfield code="t">Guapa</subfield>
    <subfield code="t">Arriba en el cielo</subfield>
    <subfield code="t">L&#xE1;udano</subfield>
    <subfield code="t">Llantos  nocturnos - Una tragedia real</subfield>
    <subfield code="t">Para&#xED;so</subfield>
    <subfield code="t">Documentaci&#xF3;n</subfield>
    <subfield code="t">Catalogaci&#xF3;n</subfield>
    <subfield code="t">Tracey Moffatt. Curriculum vitae</subfield>
    <subfield code="t">Bibliograf&#xED;a</subfield>
    <subfield code="t">Texts in english</subfield>
  </datafield>
  <datafield tag="650" ind1=" " ind2=" ">
    <subfield code="x">arte contempor&#xE1;neo</subfield>
    <subfield code="x">arte - exhibiciones</subfield>
    <subfield code="x">arte - fotograf&#xED;a</subfield>
    <subfield code="x">Australia</subfield>
    <subfield code="9">6463</subfield>
  </datafield>
  <datafield tag="700" ind1=" " ind2=" ">
    <subfield code="a">Durand, R&#xE9;gis; Gili, Marta</subfield>
    <subfield code="9">6464</subfield>
  </datafield>
  <datafield tag="999" ind1=" " ind2=" ">
    <subfield code="c">1526</subfield>
    <subfield code="d">1526</subfield>
  </datafield>
  <datafield tag="952" ind1=" " ind2=" ">
    <subfield code="0">0</subfield>
    <subfield code="1">0</subfield>
    <subfield code="2">ddc</subfield>
    <subfield code="4">0</subfield>
    <subfield code="7">0</subfield>
    <subfield code="a">LV</subfield>
    <subfield code="b">LV</subfield>
    <subfield code="c">Monograf&#xED;as</subfield>
    <subfield code="d">2018-07-05</subfield>
    <subfield code="l">0</subfield>
    <subfield code="o">779.092 M695t</subfield>
    <subfield code="p">001076</subfield>
    <subfield code="r">2018-07-05 00:00:00</subfield>
    <subfield code="w">2018-07-05</subfield>
    <subfield code="y">01</subfield>
  </datafield>
</record>
